100 Dessins animés des années 2010-2020 - Statistiques

Statistiques générales
  • Ce quiz a été pris 89 fois
  • Le résultat moyen est 27 sur 100
Statistiques - réponses
Par images Réponse % Correct
Baby boss
88%
Carmen sandiego
73%
Scooby doo mysteres associés
73%
T'choupi a l'ecole
67%
La pat patrouille
66%
Les dalton
66%
Les sisters
66%
Miraculous
66%
Les tortues ninja
64%
Oui oui enquete au pays des jouets
64%
She-ra
64%
Kung fu panda l’incroyable légende
63%
Les lapins cretins invasion
63%
Raiponce la serie
61%
Ultimate spider-man
61%
Alvin et les chipmunks
59%
Les as de la jungle
59%
Robin des bois malices a sherwood
58%
Zig et sharko
56%
Les aventures du chat potte
53%
Pyjamasques
53%
Rick et morty
53%
Spirit au galop en toute liberté
53%
Angry birds toons
50%
Le monde incroyable de gumball
48%
Zorro
47%
Doc la peluche
45%
Adventure time
41%
Baymax et les nouveaux heros
41%
Le petit prince
41%
Lolirock
41%
Souvenirs de gravity falls
38%
Vampirina
36%
Zou
34%
Jamie a des tentacules
33%
Oum le dauphin blanc
33%
Le ranch
31%
Molusco
31%
Elena d'avalor
30%
Mini loup
30%
Sally bollywood
30%
Teen titan go
28%
Les octonautes
27%
Bienvenu chez les loud
25%
Les kassos
25%
Les grandes grandes vacances
23%
Oscar et malika toujours en retard
23%
Roi julian l'elu des lemurs
23%
La garde du roi lion
22%
Littlest pet shop
22%
Grizzly et les lemmings
20%
Lassie
20%
Lego ninjago
19%
Boy, girl, etc
16%
Monstres contre aliens
16%
Mouk
16%
Flapacha ou est tu ?
14%
Simon superlapin
14%
Justice league new generation
13%
Blaze
11%
La loi de milo murphy
11%
Les muppets babies
11%
Lulu vroumette
11%
Bing !
9%
Star butterfly
9%
Chasseurs de trolls
6%
Dora and friends
6%
Sous les mers
6%
Super wings
6%
Team umizoomi
6%
Unikitty
6%
Droners
5%
Alice et lewis
3%
Chip et patate
3%
Hilda
3%
La famille chat
3%
Le prince des dragons
3%
Les kiwis
3%
Les tetes vides
3%
Le trio venu d'ailleurs
3%
Le village de danny
3%
Mages et sorciers
3%
Niko et l'epee de lumiere
3%
Pinky malinki
3%
Top wings
3%
Turbo fast
3%
C'est quoi l'idée
2%
Doozers
2%
Hé oua oua
2%
Kipo
2%
La boite a reponse des storyboots
2%
La fête des mots
2%
Le monde magique de reggie
2%
Mr peabody et sherman show
2%
Rusty rivets
2%
Salut ninja
2%
Tayo le petit bus
2%
Thunderbirds les sentinelles de l'air
2%
T.O.T.S
2%
Tuca et bertie
2%
Aucun quiz correspondant
Distribution des résultats
% des personnes avec chaque résultat
Percentile par nombre de réponses
Votre historique - résultats
Vous n’avez pas pris ce quiz